000
00373nam a2200145Ia 4500
008
231129s2015||||xx |||||||||||||| ||spa||
020
_a
978-958-59103-0-0
040
_b
spa
082
_a
791.43 V288c
100
_a
Varas Lídice
245
0
_a
Citas de cine
260
_c
2015
264
_a
Bogotá Colombia : Babel
942
_2
ddc
_c
BKS
999
_c
2271
_d
2271